00858nam a2200241 a 4500001001000000003000400010005001700014008004100031020001500072040002500087100003000112245003900142260002800181300002100209490004500230590002800275600003600303910002800339942001300367952010800380952011100488999001700599000021912OSt20200930140316.0100914s1970 sp r 000 |bspa d a8432024031 aDO-SdBNPbspacBNPHU1 aPalomares, Alfonso94547310aArbert Camus /cAlfonso Palomares. aMadrid :bEPESA,c1970. a193 p. ;c20 cm.1 aGrandes Escritores Contemporáneos;v21 aInventariado, 2020 / DG10aCAMUS, ALBERT,d1913-196094231 aInventariado, 2020 / DG 2ddccLF1 00102ddc50718MOaGRbGRcCTd2010-09-14eDonaciòniLF1l0o p21912-10r2020-06-25w2020-06-25y1 001150718MOaGRbGRcMId2017-04-17iLF1l0o p21912-20r2020-06-25te. 2w2020-06-25y1ZNo se presta c21410d21410